=LDR 00000nam 2200000 4500 =001 INLIS000000000003664 =005 20130612091952 =008 ***********************************Ind** =035 ##$$0010-061300000003664 =041 ##$$a Ind =082 ##$$a 515.9 =090 ##$$a 515.9, Pri p =100 ##$$a Priestley, HA =245 ##$$a Pengantar analisis kompkleks, HA. Priestley =260 ##$$a 1993 $b Bandung =300 ##$$a 311 hlm., ilus., 21 cm =650 ##$$a Analisis matematis =850 ##$$a NBPNMAT